00432nam a2200145Ia 4500008004100000082001000041100001900051245002500070260002300095630002500118730002500143942000900168999001900177952009000196100328s9999 xx 000 0 und d b35252 aBlavatsky H.P. aThe Key to Theosophy bTheosophy Co. Ltd. aThe Key to Theosophy aThe Key to Theosophy cBOOK c525224d525221 00104070aRNVbRNVd2010-03-28l0pRNV-35252r2010-03-28 00:00:00w2010-03-28yBOOK